Statistics for 10 best players in NBA history without champion title

Click here to take the quiz!

General Stats

  • This quiz has been taken 16,003 times
  • The average score is 6 of 10

Answer Stats

Only or main teamAnswer% Correct
Utah JazzKarl Malone
91%
Utah JazzJohn Stockton
89%
Philadelphia 76ersAllen Iverson
88%
Indiana PacersReggie Miller
78%
NY KnicksPatrick Ewing
77%
Atlanta HawksDominique Wilkins
63%
Philadelphia 76ersCharles Barkley
53%
LA LakersElgin Baylor
40%
Denver NuggetsDikembe Mutombo
33%
New Orleans/Utah JazzPete Maravich
25%

Score Distribution

Percentile by Number Answered

Percent of People with Each Score

Your Score History

You have not taken this quiz